01037nam a2200265 a 4500001000900000005001700009008004100026020001500067041000800082044000700090050002400097100002600121245022900147260005100376300002400427440006200451500001100513504003100524650003300555650003700588650003500625651005300660700002700713700003100740BRL_183720190320211406.0070815s1985----mx-o######---#000-0#spa-# a9688220558 aspa amx 4aF1221.Z6b.B34 19851 aBáez-Jorge, Félix10aCuando ardio el cielo y se quemo la tierrabCondiciones socioeconomicas y sanitarias de los pueblos zoques afectados por la erupcion del volcan chichonalcFelix Báez-Jorge, amado Rivera balderas, Pedro Arrieta Fernández. aMéxicobInstituto Nacional Indigenistac1985 a309 p.bil.c22 cm. 0aColección INIpSerie de investigaciones socialesvno.14 aAu2035 aBibliografía: p. 303-30814aZoquesxCondiciones sociales14aZoquesxCondiciones económicas14aAuxilio en desastreszMéxico 4aChichonal, Volcán (México)xErupción, 19821 aRivera Balderas, Amado1 aArrieta Fernández, Pedro